Changes in LD50 value in an in vitro larval development test for the detection of susceptibility to a thiabendazole, levamisole, morantel and pyrantel of Oesophagostomum dentatum

Bibliographic Details
Main Authors: Várady, Marián, 1966- (Author), Čorba, Július, 1940- (Author)
Format: Article
Language:Slovak
English
ISSN:0440-6605
Subjects:

MARC

LEADER 00000nab a2200000 a 4500
001 vtls001496072
003 SK-MaSNL
005 20260305035628.0
008 250505c2003 xo g 0 slo
015 |a SNBCL2005/2 
035 |a (uuid)27f9565f-3514-4d2e-b9a0-be47765643f9 
035 |a urn:nbn:sk:snk-ab33ed 
035 |a (urnnbn)urn:nbn:sk:snk:ar-a05shj 
040 |a SNKBUCL  |b slo  |c SNKBUCL  |e AACR2 
041 1 |a eng  |h eng 
044 |a xo  |c SK 
080 |a 595.1:616-097  |2 1981 
100 1 |a Várady, Marián,  |d 1966-  |4 aut  |9 222257 
245 1 0 |a Changes in LD50 value in an in vitro larval development test for the detection of susceptibility to a thiabendazole, levamisole, morantel and pyrantel of Oesophagostomum dentatum  |c M. Várady, J. Čorba 
504 |a Res. angl. 
650 0 7 |a Oesophagostomum  |2 MESH  |9 1460438 
650 0 7 |a larvy  |2 MESH  |9 16546 
650 0 7 |a vývojové štádiá hmyzu  |2 MESH  |9 259351 
650 0 7 |a toxikológia  |2 SNKPH  |9 2607 
650 0 7 |a patológia veterinárna  |2 MESH  |9 393633 
650 0 7 |a in vitro  |2 MESH  |9 473492 
700 1 |a Čorba, Július,  |d 1940-  |4 aut  |9 145942 
773 0 |t Helminthologia  |g Vol. 40, no. 4 (2003), s. 211-215  |x 0440-6605 
850 |a Slovenská národná knižnica 
852 |a Slovenská národná knižnica 
958 |a article27 
958 |a OND 
958 |a EUIPO 
999 |c 3334921  |d 3336851